Manažment vlastného pracovného času

Pojem zorganizovaný čas. Matrica manažmentu času podľa Coveyho.

Salvato in:
Dettagli Bibliografici
Autore principale: Kopčíková, Mária
Natura: Capitolo di libro
Lingua:slovacco
Soggetti:
Tags: Aggiungi Tag
Nessun Tag, puoi essere il primo ad aggiungerne!!

MARC

LEADER 00000naa a2200000 4500
001 0196420
005 20231120130506.7
041 0 |a slo 
044 |a SK 
245 1 0 |a Manažment vlastného pracovného času  |c Mária Kopčíková 
520 |a Pojem zorganizovaný čas. Matrica manažmentu času podľa Coveyho. 
610 2 0 |a riadenie času 
610 2 0 |a organizácia práce 
610 2 0 |a čas pracovný 
100 1 |a Kopčíková, Mária